000 00673 a2200181 4500
003 Nust
005 20170207153157.0
040 _cNust
082 _a005.8
100 _aBaber ,Aslam (MSIS-3)
245 _aAnalyzing ieee 802.11 wireless lan for identity vulnerabilities and finding soluation to dos attacks based on these vulnerabilities
_cBaber Aslam
260 _a Rwp
_bMCS (NUST)
_cDecomber,2006
300 _axi,66,p.;
505 _aIntroduction (page-1) Literature review (page-4) Analysis of 802.11 for identity vulnerabilities (page-23) Proposed solution (page-34) Conclusion (page-52)
538 _a Almirah No.70 Shelf No.4
650 _aPG Thesis
651 _aMSIS-3
942 _cTHS
999 _c180800
_d180800